000 00446nam a2200157 i 4500
001 44114
003 ES-MaACL
005 20230906160946.0
007 t|
008 030320s1973 sp ||||1| spa d
100 1 _aCiruelo, José-Ignacio.
_938904
245 1 0 _aSalustio
_b: política e historiografía /
_cJosé Ignacio Ciruelo.
260 _aBarcelona :
_bAriel,
_c[1973]
300 _a140 p. ;
_c24 cm.
852 _aES-MaACL
_jC-51877
_bR.85647
999 _c44114
_d44114